| 000 | 01181nam a22002297a 4500 | ||
|---|---|---|---|
| 003 | BD-DhUL | ||
| 005 | 20160907083525.0 | ||
| 008 | 160907s1998 bg ||||| |||| 001 0 ben | ||
| 020 | _a9840737473 | ||
| 040 |
_aBD-DhUL _cBD-DhUL |
||
| 082 |
_a954.0294 _bKHM |
||
| 100 | 1 | _aখান, করম আলী | |
| 245 | 1 | 0 |
_aমোজাফ্ফরনামা ও নওবাহার-ই-মুর্শিদকূলী খানি / _cকরম আলী খান, আজাদ-আল-হোসায়নি ; অনুবাদ, সম্পাদনা ও টীকা আবুল কালাম মোহাম্মদ যাকারিয়া |
| 260 |
_aঢাকা : _bবাংলা একাডেমী, _c১৯৯৮ |
||
| 300 |
_a১৬০ পৃ. ; _c২২ সেমি. |
||
| 500 | _aনির্ঘন্ট সংবলিত | ||
| 651 | 0 |
_aভারতবর্ষ _xইতিহাস |
|
| 651 | 0 |
_aIndia _xHistory |
|
| 700 | 1 |
_aআজাদ-আল-হোসায়নি _eযুগ্ম লেখক |
|
| 700 | 1 |
_aআবুল কালাম মোহাম্মদ যাকারিয়া _eঅনুবাদ |
|
| 942 |
_2ddc _cBK |
||
| 999 |
_c104545 _d104545 |
||